[Event "RUS-Cup final"]
[Site "Ekaterinburg"]
[Date "1999.??.??"]
[Round "11"]
[White "Kotsur, Pavel"]
[Black "Shcherbakov, Ruslan"]
[Result "1-0"]
[WhiteElo "2499"]
[BlackElo "2559"]
[Annotator "Hecht,H"]
[PlyCount "67"]
[EventDate "1999.08.28"]
[EventType "tourn"]
[EventRounds "11"]
[EventCountry "RUS"]
[EventCategory "11"]
[SourceTitle "CBM 075"]
[Source "ChessBase"]
[SourceDate "2000.04.05"]
[SourceVersion "1"]
[SourceVersionDate "2000.04.05"]
[SourceQuality "1"]

1. e4 c5 2. Nf3 Nc6 3. d4 cxd4 4. Nxd4 Nf6 5. Nc3 d6 6. Bc4 e6 7. Bb3 Be7 8.
Be3 O-O 9. O-O Na5 10. f4 b6 11. e5 dxe5 12. fxe5 Ne8 13. Qh5 g6 14. Qg4 Qc7
15. Bh6 Ng7 16. Rae1 Nxb3 17. axb3 Bb7 18. Kh1 Rad8 19. Nf3 Rd7 20. Ng5 Rd2 21.
Nce4 Rxc2 22. Bxg7 h5 23. Qd1 Rd8 24. Bf6 Rxd1 25. Rxd1 Re2 26. Bxe7 Qxe7 27.
Rxf7 Qxf7 28. Nf6+ Qxf6 29. exf6 Bxg2+ 30. Kg1 Bd5 {[#] Dominanter Springer,
starker Freibauer und schlechter schwarzer König gegen Material.} 31. h4 Rg2+
32. Kf1 Rg4 $6 (32... Rc2 $142 $1) 33. Ke2 Rg3 $2 (33... Rf4 34. f7+ (34. Rf1
Rxf1 35. Kxf1 Bxb3 $19 {[%cal Ye6e5,Yb3d5,Ya7a5]}) 34... Rxf7 35. Nxf7 Kxf7 36.
b4 $11) 34. Rc1 (34. Rc1 Rxg5 35. hxg5 Bxb3 36. Rc8+ Kf7 37. Rc7+ Kf8 38. Rxa7
b5 39. Ke3 $18 {[%csl Rb5,Rg6]}) 1-0

[Event "EU-Cup 13th Group2"]
[Site "Eupen"]
[Date "1997.09.22"]
[Round "1"]
[White "Renet, Olivier"]
[Black "Lewis, Andrew P"]
[Result "1-0"]
[WhiteElo "2520"]
[BlackElo "2320"]
[Annotator "Hecht,H"]
[PlyCount "97"]
[EventDate "1997.09.22"]
[EventType "team-k.o."]
[EventRounds "3"]
[EventCountry "BEL"]
[SourceTitle "EXT 2020"]
[Source "ChessBase"]
[SourceDate "2019.10.17"]
[SourceVersion "1"]
[SourceVersionDate "2019.10.17"]
[SourceQuality "1"]
[WhiteTeam "Clichy Echecs 92"]
[BlackTeam "London Barbican"]
[WhiteTeamCountry "FRA"]
[BlackTeamCountry "ENG"]

1. e4 c5 2. Nf3 Nc6 3. d4 cxd4 4. Nxd4 Nf6 5. Nc3 d6 6. Bc4 e6 7. Be3 Be7 8.
Bb3 O-O 9. O-O a6 10. f4 Nxd4 11. Bxd4 b5 12. e5 dxe5 13. fxe5 Nd7 14. Ne4 Bb7
15. Nd6 Bxd6 16. exd6 Qg5 17. Rf2 e5 18. Bc3 Rae8 19. Bd5 Bxd5 20. Qxd5 Re6 21.
Re1 Qg6 22. Rd2 Qg4 23. h3 Qc4 24. Qxc4 bxc4 25. Ba5 Rb8 26. Re4 Rc8 27. Bc7 c3
28. bxc3 f5 29. Ra4 Kf7 30. c4 Rg6 31. c5 Nxc5 32. d7 Nxd7 33. Rxd7+ Ke8 34.
Rd5 Rxc7 35. Rxe5+ Kf7 36. Rxf5+ Ke6 37. Rf2 Kd7 38. Rf7+ Kc8 39. Rxc7+ Kxc7 {
[%eval -32767,0] Nach dem Turmtausch erzwingt Wei� ein leicht gewonnenes
Endspiel. Thema: 2 verbundene Freibauern gegen den schwarzen Randfreibauern.}
40. Rg4 Rc6 41. Rxg7+ Kb6 42. Rxh7 Rxc2 43. h4 Rxa2 44. h5 {die gute wei�e
K�nigsposition verhindert einen raschen Angriff des schwarzen Turms auf den
h-Bauern von hinten.} Rc2 45. Rh8 a5 46. h6 Rc6 47. h7 Rh6 48. g4 (48. Rb8+ $18
) 48... a4 49. g5 1-0

[Event "Capablanca Memorial Elite 32nd"]
[Site "Cienfuegos"]
[Date "1997.05.14"]
[Round "7"]
[White "Morovic Fernandez, Ivan"]
[Black "Rodriguez Cespedes, Amador"]
[Result "1-0"]
[WhiteElo "2580"]
[BlackElo "2555"]
[Annotator "Jacoby,G"]
[PlyCount "75"]
[EventDate "1997.05.05"]
[EventType "tourn"]
[EventRounds "11"]
[EventCountry "CUB"]
[EventCategory "12"]
[SourceTitle "CBM 059"]
[Source "ChessBase"]
[SourceDate "1997.08.01"]
[SourceVersion "1"]
[SourceVersionDate "1997.08.01"]
[SourceQuality "1"]

1. e4 c5 2. Nf3 d6 3. d4 cxd4 4. Nxd4 Nf6 5. Nc3 Nc6 6. Bc4 e6 7. Bb3 a6 8. f4
Qc7 (8... Nxd4 9. Qxd4 Qc7 10. Be3 Be7 11. O-O O-O 12. Kh1 b5 13. f5 exf5 14.
exf5 Bb7 15. Rad1 Rac8 16. Rd2 Rfe8 17. Qf4 Bc6 18. Bd4 {Minasian,A-Akopian,V/
Erevan 1996/CBM 53/0-1 (52)}) 9. Be3 (9. f5 Nxd4 10. Qxd4 Be7 11. fxe6 fxe6 12.
Bg5 Qc5 13. Qd2 Ng4 14. Bxe7 Kxe7 15. O-O-O Qe3 16. Qxe3 Nxe3 17. Rd3 Nxg2 18.
e5 dxe5 {Golubev,M-Istratescu,A/ROM-chT 1996/EXP 56/1/2-1/2 (48)}) 9... Na5
$146 (9... b5 10. f5 Na5 11. fxe6 Nxb3 12. axb3 fxe6 13. Ndxb5 {Mitkov,
N-Kapetanovic,A/JUG-ch 1991/TD 91\07/1-0 (39)}) (9... Bd7 10. O-O Be7 11. f5 e5
12. Nde2 Na5 13. Ng3 Nxb3 14. axb3 Bc6 15. Nh5 Nxh5 16. Qxh5 b5 17. Qg4 {
1-0 Benitez,K-Aguilar,S/Manila 1968/MCD-r6 (27)}) 10. f5 {[%csl Yd5][%cal
Re6e5] Kämpft um das Feld d5} e5 {[%csl Gd5]} 11. Nde2 {[%cal Ge2g3,Gg3h5]} Bd7
12. Bg5 Nxb3 13. cxb3 {Öffnet die c-Linie} Be7 14. Bxf6 Bxf6 15. Nd5 {Weiß
besetzt das Schlüsselfeld d5} Qd8 16. O-O Bg5 17. Nec3 h5 (17... O-O 18. f6 $40
) 18. a4 h4 19. h3 Rc8 20. Qe2 O-O 21. b4 f6 22. b5 {Löst den Doppelbauern auf}
a5 23. b6 Rc5 24. Nc7 $16 {Der Springer ist gut plaziert} Bc6 (24... Qe7 25.
N3d5 Qf7 26. Qg4 $14) 25. Rfd1 Rf7 26. Rd3 Rc4 27. Rad1 {[%csl Rd6]} Rd7 28. b3
Rc5 29. Ne6 Qxb6 30. Nxc5 Qxc5+ 31. Kh1 Bf4 32. Nd5 Bg3 33. Rf1 Kf8 34. Rc3 Qa3
(34... Qa7 35. Rfc1) 35. Qc2 (35. Qh5 $5 Qa2 36. Rfc1) (35. b4 Qxa4 36. Nb6
Qxb4 37. Rxc6 bxc6 38. Nxd7+ Ke7 39. Qa2 $16) 35... Rd8 36. Rc4 Be8 (36... Rc8
37. b4 axb4 38. Nxb4 $18) 37. Rd1 Bc6 38. Nc3 (38. Nc3 Be8 39. Nb5 Bxb5 40.
axb5) 1-0

[Event "Nabereznye Chelny"]
[Site "Nabereznye Chelny"]
[Date "1993.??.??"]
[Round "?"]
[White "Suetin, Alexey S"]
[Black "Galliamova, Alisa"]
[Result "0-1"]
[WhiteElo "2410"]
[BlackElo "2445"]
[Annotator "Kortschnoj,V"]
[PlyCount "84"]
[EventDate "1993.??.??"]
[EventType "tourn"]
[EventRounds "13"]
[EventCountry "RUS"]
[EventCategory "7"]
[SourceTitle "CBM 037"]
[Source "ChessBase"]
[SourceDate "1993.12.01"]
[SourceVersion "1"]
[SourceVersionDate "1993.12.01"]
[SourceQuality "1"]

1. e4 c5 2. Nf3 Nc6 3. d4 cxd4 4. Nxd4 Nf6 5. Nc3 d6 6. Bc4 e6 7. Be3 Be7 8.
Bb3 O-O 9. Rg1 $6 {A dubious novelty.Normal is 9.De2,9,f4,or 9.0-0} Qa5 10. f3
e5 11. Nde2 Be6 12. g4 d5 $1 $17 13. Bd2 {13.g5 d4,or 13.ed Sd5 14.Ld5 Tfd8}
dxe4 14. fxe4 Nxg4 $1 15. Bxe6 Bh4+ 16. Ng3 Qc5 $3 {Very important
zwischenzug!Now 17.Tf1 loses after Sh2.Or 17.Dg4 Dg1 18.Ke2 Dh2} 17. Rg2 Ne3
18. Bxe3 Qxe3+ 19. Qe2 Qxe2+ 20. Ncxe2 fxe6 21. O-O-O Rad8 22. Rxd8 Rxd8 23.
Nc3 Nd4 24. a4 Nf3 25. Nf1 a6 26. Kb1 Be1 27. Ne3 Bxc3 28. bxc3 Rd2 $19 29.
Rxd2 Nxd2+ 30. Kb2 Nxe4 31. Nc4 Nc5 32. a5 e4 33. Kc1 Kf7 34. Kd2 Kf6 35. Ke3
e5 36. Nd2 g5 37. c4 h5 38. Nb3 Nxb3 39. cxb3 g4 40. b4 Ke6 41. Kxe4 h4 42. Ke3
h3 0-1

[Event "Krynica zt"]
[Site "Krynica"]
[Date "1998.09.07"]
[Round "6"]
[White "Istratescu, Andrei"]
[Black "Hracek, Zbynek"]
[Result "0-1"]
[WhiteElo "2540"]
[BlackElo "2615"]
[Annotator "Lukacs,P"]
[PlyCount "62"]
[EventDate "1998.09.02"]
[EventType "swiss"]
[EventRounds "9"]
[EventCountry "POL"]
[SourceTitle "CBM 067"]
[Source "ChessBase"]
[SourceDate "1998.11.30"]
[SourceVersion "2"]
[SourceVersionDate "1998.11.01"]
[SourceQuality "1"]

1. e4 c5 2. Nf3 d6 3. d4 cxd4 4. Nxd4 Nf6 5. Nc3 Nc6 6. Bc4 e6 7. Be3 Be7 8.
Bb3 O-O 9. f4 Nxd4 10. Qxd4 Bd7 11. O-O-O Bc6 12. Kb1 Qa5 13. Rhf1 b5 14. a3
Rab8 {/\ b5-b4} 15. e5 dxe5 16. fxe5 Nd7 {[#]In this exciting Sicilian fight
White finds a nice way to grab the |^.} 17. Rxf7 $1 {White has a strong -> for
the sacrificed material, although there is no forced win, but positional
compensation.} Rxf7 (17... Kxf7 $2 {is weaker because of} 18. Qg4 $1 Kg8 19.
Bh6 Rf7 (19... g6 20. Qxe6+) 20. Bxe6 $18) 18. Bxe6 Nc5 19. Bxf7+ Kxf7 20. Rf1+
Kg8 21. Nd5 Bf8 (21... Bxd5 $2 22. Qxd5+ {/\ Bxc5}) 22. Rxf8+ (22. Nf6+ {
would have led to equality after} Kh8 $1 (22... gxf6 23. exf6 Be8 (23... Kf7
24. Qg4) 24. Qg4+) 23. Qh4 h6 (23... gxf6 24. Qxf6+ Bg7 25. Qxc6) 24. Ng4 Qa4
25. Bxh6 gxh6 26. Rxf8+ Rxf8 27. Qxh6+ $11 {but White wants to get more from
the position.}) 22... Rxf8 23. Ne7+ {White pushes too hard.} (23. Qxc5 $1 Bxd5
24. Qxd5+ Kh8 25. Bc5 {was good and simple, but perhaps it is not enough for a
decisive advantage.}) 23... Kh8 24. Qxc5 Rf1+ 25. Ka2 (25. Bc1 $2 Rxc1+ $1)
25... Bd7 26. Qd5 Qd8 27. Bg5 $2 {[#]} (27. e6 {was still possible:} Rd1 28.
Nc6 Rxd5 29. Nxd8 Bxe6 30. Nxe6 Re5 31. Bxa7 Rxe6) 27... Rd1 $1 {White has
overlooked this tactical blow and his position will soon collapse.} 28. Qb3 (
28. Qf7 Qe8) 28... Qf8 29. c3 (29. e6 Qf1 $1) 29... Re1 $19 30. Qd5 Be8 31. e6
Rxe6 0-1

[Event "San Francisco Mechanics"]
[Site "San Francisco"]
[Date "1998.07.14"]
[Round "5"]
[White "Kobese, Watu"]
[Black "Gurevich, Dmitry"]
[Result "0-1"]
[WhiteElo "2330"]
[BlackElo "2540"]
[Annotator "Lukacs,P"]
[PlyCount "78"]
[EventDate "1998.07.10"]
[EventType "tourn"]
[EventRounds "9"]
[EventCountry "USA"]
[EventCategory "10"]
[SourceTitle "CBM 066"]
[Source "ChessBase"]
[SourceDate "1998.09.30"]
[SourceVersion "1"]
[SourceVersionDate "1998.09.30"]
[SourceQuality "1"]

1. e4 {Ftacnik} c5 2. Nf3 d6 3. d4 cxd4 4. Nxd4 Nf6 5. Nc3 Nc6 6. Bc4 e6 7. Be3
a6 8. Bb3 Be7 9. f4 O-O 10. Qf3 {According to contemporary theory this setup
with f2-f4 and Qf3 doesn't render any serious chances for White.} Nxd4 11. Bxd4
b5 12. a3 {If White has to answer b7-b5 with a2-a3 then Black has achieved
something. Certainly this is not a general rule, in the Scheweningen B85 Qe1
Qg3 line a2-a3 is necessary for example.} Bb7 13. O-O (13. f5 e5 14. Bf2 {
/\ Bh4 fighting for the key-square d5.} Rc8 15. Bh4 Nxe4 $1 16. Bxe7 Qxe7 17.
Nd5 (17. Nxe4 Qh4+) 17... Bxd5 18. Bxd5 Nf6 19. O-O-O Rc5 20. Bb3 a5 $13 {
Mih.Ankerst-Sher, Ljubljana 1994}) (13. O-O-O Rc8 $1 {threatening with the
typical Sicilian Rxc3 positional exchange sacrifice in order to crush White's 
[+].} (13... a5 14. Bxf6 (14. Rhe1 $2 {is too slow in a tough race like that:}
b4 15. axb4 axb4 {The opening of the a <-> is a result of a2-a3.} 16. Nb1 {
If the N has to retreat, Black has a fine game almost without exception.} Qc7
17. g4 d5 18. e5 Ne4 $17 {Luukkonen-Veingold, Naantali op 1996}) 14... Bxf6 15.
Nxb5 {White has to accept the P sacrifice, otherwise b5-b4 is coming.} a4 16.
Rxd6 Qc8 17. Ba2 Qc5 18. Qd3 Bxe4 19. Qxe4 Qxb5 20. c3 $14 {Black has some
pressure on the b and c <->, but White's position is a tough nut to crack,
Istratescu-Buturin, Bucharest 1988.}) 14. Rhe1 ({On} 14. f5 {follows the
above-mentioned} Rxc3 $1 15. Qxc3 Nxe4 16. Qh3 e5 $1 $13) 14... Qa5 15. Kb1 b4
16. axb4 Qxb4 17. g4 $1 Nd7 18. f5 Bh4 $1 $13 {Istratescu-Panchenko, Bucharest
1994}) 13... a5 $1 {Black has to grasp the |^.} (13... Rc8 {is less dangerous
here.} 14. Rad1 (14. Rae1 $5 {defending the important >< e4 comes into
consideration.}) 14... a5 $1 15. Nxb5 Bxe4 16. Qe2 d5 17. Na7 Rc7 $13 {
Sznapik-Ftacnik, Trnava 1984}) 14. Rae1 b4 15. Na4 {>< b6} (15. axb4 axb4 16.
Nd1 {is a bit passive and slow:} (16. Nb1 d5 17. exd5 Bxd5 18. Bxd5 exd5 19. c3
Ne4 20. Rd1 f5 21. Kh1 Qa5 22. cxb4 Bxb4 23. Qb3 Rfd8 {0-1 Radulov,I-Bobotsov,
M/BUL-ch/1967/ (40)}) 16... Qc7 (16... d5 17. exd5 Ra5 18. Ne3 Bc5 19. Rd1 exd5
20. Bxc5 Rxc5 21. Rd4 Qb6 22. Rfd1 Re8 23. Kh1 g6 24. f5 Ne4 25. fxg6 hxg6 26.
Rf1 Re7 27. Bxd5 {1-0 Kortelainen,J-Porrasmaa,T/FIN-chT/1991/ (34)}) 17. Nf2
Ba6 18. Nd3 Bc4 19. e5 dxe5 20. Bxe5 Qb6+ 21. Kh1 Bxb3 22. cxb3 g6 $15 {
Gironella-Pogorelov, St.Cugat op 1993} (22... g6 {Ftacnik} 23. f5 exf5 24. Nf4
Ne4 25. Nd5 Qe6 26. Nxe7+ Qxe7 27. Qf4 Rfe8 {0-1 Gironella-Pogorelov,R/St.
Cugat op/1993/ (33)})) 15... Ra6 (15... bxa3 {Ftacnik} 16. bxa3 Qc7 17. Qg3 $13
) 16. Bc4 {[#]} (16. Qg3 $6 {Ftacnik} e5 $1 17. fxe5 Nxe4 18. Rxe4 (18. Qd3
dxe5 19. Bxe5 Qxd3 20. cxd3 Nd2 $17) (18. Qg4 dxe5 19. Bxe5 Rg6 20. Qf4 Nc5 $17
) 18... Bxe4 19. Rxf7 Rxf7 20. Bxf7+ Kxf7 21. Qf4+ Kg8 22. Qxe4 dxe5 $17) 16...
d5 $1 {This is a very nice positional exchange sacrifice, but later White
still had chances for equalization, so we can't say this move decides the
battle. However from psychological point of view these moves are very
effective ruining the opponent's self-confidence. Ftacnik: This push is often
connected with sacrifice, but rarely with an outright offer of exchange.
Unfortunatelly for white his only chance is and attempt to limit positional
demage.} (16... Rc6 {Ftacnik} 17. Qb3 Nxe4 18. Rxe4 Rxc4 19. Bb6 Bxe4 20. Bxd8
Rxc2 21. Qxc2 Bxc2 22. Bxe7 Re8 23. Bxd6 bxa3 24. Ra1 Bxa4 25. Rxa3 $11) 17.
Bxa6 (17. exd5 {Ftacnik} Bxd5 18. Bxd5 Qxd5 19. Qxd5 Nxd5 20. c4 bxc3 21. Nxc3
Nxc3 22. Bxc3 Rc8 $15) 17... Bxa6 18. Bxf6 (18. Rf2 Nxe4) (18. e5 Ne4) (18.
exd5 $1 {was still playable to give back the exchange immediately.} Bxf1 19.
Rxf1 Qxd5 (19... bxa3 20. bxa3 Qxd5 21. Qxd5 Nxd5 22. c4) (19... Nxd5 20. c4)
20. Qxd5 Nxd5 21. axb4 axb4 22. c4 $11) 18... Bxf6 19. e5 (19. Rf2 Bd4 (19...
dxe4 {Ftacnik} 20. Qxe4 Bd4 $17)) 19... Be7 20. axb4 (20. Rf2 {loses the
exchange, too:} Bb5 $1 21. b3 Bxa4 22. bxa4 Bc5 23. axb4 axb4 24. Kh1 Bxf2 25.
Qxf2 Qa5 26. Ra1 Rc8 $15 {with some pressure on the c <->.}) 20... Bxf1 21.
Rxf1 axb4 {Ftacnik: The knight on a4 will remain in offside, and the attempt
to defend or rescue him will cost the positional weakness in backward "c" pawn.
} (21... Bxb4 $6 {Ftacnik} 22. f5 $1 $14) 22. b3 Qc7 23. Rf2 Rc8 {White's
backward P on the c <-> is a real target, and the N is not very effective on
the edge of the board.} 24. Qe3 (24. Kf1 {Ftacnik} g6 25. Re2 $15) 24... g6 25.
g3 Qc6 26. Qd4 Ra8 $1 {There are too many white pieces on the /^ g1-a7...} 27.
Kg2 {[#]} (27. Qd3 $15 {Ftacnik}) 27... Rxa4 $1 {Liquidating for a winning _|_.
} 28. bxa4 Bc5 29. Qd2 Bxf2 30. Kxf2 Qxa4 $19 {Ftacnik: White has no
compensation for the lost pawn.} 31. Kg2 (31. g4 {Ftacnik} Qa3 32. g5 h5 33.
Ke2 b3 34. cxb3 Qxb3 $17) 31... Qc6 32. Qxb4 Qxc2+ 33. Kh3 Kg7 34. Qd6 (34. Qe7
{Ftacnik} Qf5+ 35. Kg2 g5 $5 36. fxg5 Qxe5 $19) 34... h6 35. Qd8 Qf5+ 36. Kg2
g5 37. Kf3 (37. fxg5 {Ftacnik} hxg5 38. Qc7 g4 39. Qc3 Kg6 $19) 37... gxf4 38.
g4 (38. gxf4 Qh3+ (38... Qh3+ {Ftacnik} 39. Kf2 Qxh2+ 40. Kf3 Qh3+ 41. Kf2 Qf5
$19)) 38... Qxe5 39. h4 Qe3+ (39... Qe3+ {Ftacnik} 40. Kg2 Qe2+ 41. Kg1 f3 $19)
0-1

[Event "NED-ch53"]
[Site "Rotterdam"]
[Date "1998.06.30"]
[Round "8"]
[White "Van der Wiel, John"]
[Black "Sosonko, Gennadi"]
[Result "1-0"]
[WhiteElo "2525"]
[BlackElo "2520"]
[Annotator "Lukacs,P"]
[PlyCount "49"]
[EventDate "1998.06.21"]
[EventType "tourn"]
[EventRounds "11"]
[EventCountry "NED"]
[EventCategory "12"]
[SourceTitle "CBM 066"]
[Source "ChessBase"]
[SourceDate "1998.09.30"]
[SourceVersion "1"]
[SourceVersionDate "1998.09.30"]
[SourceQuality "1"]

1. e4 {Ftacnik} c5 2. Nf3 d6 3. d4 cxd4 4. Nxd4 Nf6 5. Nc3 Nc6 6. Bc4 e6 7. Be3
Be7 8. Bb3 O-O 9. Qe2 Bd7 (9... a6 {is more popular nowadays.}) 10. O-O-O {
In the Velimirovic Attack the position is extremely sharp, and White has to
sacrifice a couple of pieces. The knowledge of long and forced lines is
essential, so it is obvious that not everybody can use it with a success.} Nxd4
(10... Qb8 {is too sophisticated.} 11. g4 {/\ g5 is the main attacking scheme
here.} Nxd4 12. Bxd4 b5 13. g5 Ne8 14. Rhg1 b4 15. Nb1 {Both Ns had to retreat!
} Qb7 16. Nd2 Bc6 17. f4 d5 18. f5 dxe4 {(Strobel-Rorekamp, BRD 1982)} 19. fxe6
$16) (10... a6 11. f4 Qc7 12. g4 Nxd4 13. Rxd4 e5 14. Rc4 {This win of a tempo
is typical in this variation.} Qd8 15. g5 Ng4 16. Nd5 Nxe3 17. Nxe7+ Qxe7 18.
Qxe3 {(Planinc-Musil, Ljubljana 1969)} exf4 19. Qxf4 $14) (10... Rc8 $5) (10...
Qa5 {allows the direct -> against the >< d6.} 11. Ndb5 $1 Ne8 12. Bf4 e5 13.
Be3 Qd8 14. Nd5 Bg5 15. Qd2 Bxe3 16. Nxe3 $16 {>< d6 and d5,
Tukmakov-Kottnauer, Hastings 1968}) 11. Bxd4 Qa5 (11... Bc6 12. f4 (12. g4 Qa5
13. Rhg1 {- 11...Qa5}) 12... Qa5 13. Rhf1 b5 {This is usually answered by} 14.
e5 $1 dxe5 15. Qxe5 $1 {Black cannot continue his -> with b5-b4 because of the
pin on the 5.rank.} Rfe8 16. Rd3 Qa6 17. f5 exf5 18. Qxf5 $16 {Tukmakov-Minkov,
SU 1967}) 12. Rhg1 Bc6 (12... b5 $2 {is again strongly met by the standard} 13.
e5 $1 dxe5 (13... Ne8 14. exd6 Bxd6 15. Be5 Bxe5 16. Qxe5 Bc6 17. Bxe6 $18) 14.
Qxe5 Rfc8 (14... Bc6 $2 15. Bxe6 $18) (14... Rfd8 $2 15. Nd5 $1 $18) (14... Ne8
15. Bc5 Bxc5 16. Rxd7 $14) 15. g4 $1 Qc7 16. g5 Ne8 (16... Nh5 17. Nd5 $1 $16)
17. Nd5 $1 Qxe5 18. Nxe7+ Kf8 19. Bxe5 Kxe7 20. Rg4 $1 $16 {Yudasin-Fedorowicz,
Novi Sad (ol) 1990}) (12... Rac8 {comes into consideration:} 13. g4 e5 14. Be3
Rxc3 15. Bd2 Bb5 $1 16. Qe1 Rxc2+ 17. Kxc2 {(A.Ivanov-Dlugy, Philadelphia 1989)
} Qc7+ $1 18. Bc3 a5 $44) (12... Rfc8 {Ftacnik} 13. g4 e5 $6 14. g5 exd4 15.
gxf6 Bxf6 16. Nd5 Qd8 17. f4 $40) 13. g4 Nd7 {preparing against g4-g5} (13...
e5 {Ftacnik} 14. Nd5 (14. g5 $1 exd4 15. gxf6 Bxf6 16. Nd5 Bxd5 17. Bxd5 {
/\ Rd3-h3, Qh5->}) 14... Nxd5 15. exd5 Bb5 $13) 14. Kb1 {preparing for g4-g5!}
(14. f4 Nc5 15. g5 Rfe8 16. Rg3 g6 17. Bf6 b5 18. Bxe7 Rxe7 19. Rxd6 Rc8 20.
Re3 Rec7 {White has won the weak P on d6, but Black's pressure on the << is an
important factor, too.} 21. Qd2 Be8 22. Rd8 b4 23. Rxc8 Rxc8 24. Nb1 Bc6 25.
Qe2 Qc7 26. e5 a5 $44 {Espig-Tukmakov, Zinnowitz 1967}) 14... Rfe8 15. g5 Nc5 {
The N leaves the >>, after which White's -> becomes very dangerous.} (15... b5
$5 16. a3 (16. g6 $6 {cannot be justified:} hxg6 17. Rxg6 $2 fxg6 18. Bxe6+ Kf8
19. Qg4 Bf6) (16. Qh5 b4) (16. Rg3 b4)) (15... Bxg5 $2 {Ftacnik} 16. Bxg7 $1
Kxg7 17. f4 $18) 16. Rg3 Bf8 (16... Nxb3 17. axb3 e5 (17... Bxg5 18. Qh5 $18 (
18. f4 {Ftacnik} Bxf4 19. Qg4 $18)) 18. Be3 $16 {>< d5}) 17. Rh3 Nxb3 (17... g6
{Ftacnik} 18. Qf3 $1 Nxb3 19. Rxh7 f5 20. Rh8+ Kf7 21. axb3 e5 22. Be3 $16) 18.
axb3 Qxg5 {[#]} (18... g6 19. Qg4 {/\ Rxh7!}) 19. f4 $1 {sacrificing the
second P, accepting it is a risky business: Ftacnik: Opening of the files is
very dangerous, since white has dominant bishop on d4 and three heavy pieces
to launch a quick attack.} Qa5 (19... Qxf4 20. Rf1 $1 (20. Qh5 Bxe4 (20... h6
21. Rf3 Qg5 22. Qxf7+ Kh8 23. Rg1 $18)) (20. Qg2 {/\ Rf1} f5 21. Rf1 Bxe4) (20.
Be3 Qe5 21. Rh5 Qf6) (20. Rg1 e5 (20... e5 {Ftacnik} 21. Be3 Qf6 22. Qh5 h6 23.
Bxh6 g6 24. Bg5 Qg7 25. Qh4 Re6 26. Nd5 f5 27. exf5 Bxd5 28. f6 $18) (20... d5
21. Qh5 h6 22. Ne2 Qc7 23. Bxg7 Bxg7 24. Rxg7+ $18)) (20. Rh5 $6 f5 21. Rf1 Qg4
22. Qxg4 fxg4 23. Rg5 e5 24. Be3 Bd7 $17) 20... Qg5 21. Bf6 $1 (21. Rh5 Qe7) (
21. Rg3 Qh6 22. Rf6 (22. Qg2 e5 23. Be3 Qe6) 22... Qh4 23. Qf2 Qh5 24. h4 e5
25. Rg5 Qxg5 26. hxg5 exd4) 21... Qc5 22. b4 Qxb4 23. Rg1 $40) 20. Rg1 {
The open <-> g and h are very dangerous for Black.} g6 (20... e5 21. Qh5 (21.
Qh5 {Ftacnik} f6 22. Qxh7+ Kf7 23. Rhg3 $16)) 21. b4 $1 Qc7 (21... Qxb4 22. Qh5
(22. Qh5 {Ftacnik} Bh6 (22... Bg7 23. Qxh7+ Kf8 24. Qxg7+ Ke7 25. Bf6+ Kd7 26.
Qxf7+ $18) (22... h6 23. Rxg6+ Kh7 24. Qxh6+ Bxh6 25. Rhxh6#) 23. Bf6 Qc5 24.
Qxh6 Qxg1+ 25. Ka2 $18)) 22. Qh5 $1 $18 {The Q joins the -> with a great
effect.} h6 (22... f5 {founders on} 23. Rxg6+ $1 (23. Rxg6+ {Ftacnik} hxg6 24.
Qh8+ Kf7 25. Rh7+ $18)) 23. Bf6 $1 {The black K cannot escape. The black king
has to be kept in a box.} Kh7 (23... a5 24. Qxh6 $1 Bxh6 25. Rxh6) (23... Bg7 {
Ftacnik} 24. Bxg7 gxh5 25. Bf6+ Kh7 (25... Kf8 26. Rhg3 $18) 26. Rg7+ Kh8 27.
Rxh5 $18) (23... Rac8 {Ftacnik} 24. Qxh6 Bxh6 25. Rxh6 $18) 24. Qh4 Qb6 (24...
Rac8 25. Rg4 h5 26. Qxh5+ $1 gxh5 27. Rxh5+ Bh6 28. Rg7+) 25. Rg4 $1 ({There
was no defence against} 25. Rg4 a5 (25... Qxb4 {Ftacnik} 26. Qxh6+ Bxh6 27.
Rxh6+ Kxh6 28. Rh4#) 26. Qxh6+ $1 Bxh6 27. Rxh6+ Kxh6 28. Rh4#) 1-0